| 000 | 00790nam a2200253 i 4500 | ||
|---|---|---|---|
| 001 | bg | ||
| 100 | 1 |
_aHAJDUK, Zygmunt _d(1935- ) |
|
| 245 | 1 | 0 |
_aOgólna metodologia nauk / _cZygmunt Hajduk ; Katolicki Uniwersytet Lubelski. Wydział Filozofii. |
| 250 | _aWyd. 2 zm. | ||
| 260 |
_aLublin : _bRedakcja Wydawnictw KUL, _c2001. |
||
| 300 |
_a238 s. : _bil. ; _c21 cm. |
||
| 504 | _aBibliogr. | ||
| 650 | 9 | _aMetodologia | |
| 655 | _aPodręczniki akademickie | ||
| 710 | 0 |
_aKatolicki Uniwersytet Lubelski _bWydział Filozofii |
|
| 020 | _a8322808658 | ||
| 040 | _cBPK | ||
| 041 | 0 | _apl | |
| 080 | _a167/168(075.8) | ||
| 920 | _a83-228-0865-8 | ||
| 942 | _cKS | ||
| 008 | s pl f |000 0 pol | ||
| 999 |
_c39727 _d39727 |
||
| 856 |
_uhttp://koha.tu.koszalin.pl/cgi-bin/koha/opac-detail.pl?biblionumber=39727 _yKatalog online BPK |
||